<?xml version="1.0" encoding="UTF-8"?>
<record
    xmlns:xsi="http://www.w3.org/2001/XMLSchema-instance"
    xsi:schemaLocation="http://www.loc.gov/MARC21/slim http://www.loc.gov/standards/marcxml/schema/MARC21slim.xsd"
    xmlns="http://www.loc.gov/MARC21/slim">

  <leader>02084nam a2200277 a 4500</leader>
  <controlfield tag="001">ASIN0230709427</controlfield>
  <controlfield tag="005">20170105102925.0</controlfield>
  <controlfield tag="008">131211s2009    xxu                 eng d</controlfield>
  <datafield tag="020" ind1=" " ind2=" ">
    <subfield code="a">0230709427 (hardcover)</subfield>
    <subfield code="c">$34.95</subfield>
  </datafield>
  <datafield tag="020" ind1=" " ind2=" ">
    <subfield code="a">9780230709423 (hardcover)</subfield>
  </datafield>
  <datafield tag="040" ind1=" " ind2=" ">
    <subfield code="a">0</subfield>
  </datafield>
  <datafield tag="050" ind1="0" ind2="4">
    <subfield code="a">DA566</subfield>
  </datafield>
  <datafield tag="082" ind1="0" ind2="4">
    <subfield code="a">941.082</subfield>
    <subfield code="b">MAR 2009</subfield>
  </datafield>
  <datafield tag="100" ind1="1" ind2=" ">
    <subfield code="a">Marr, Andrew.</subfield>
  </datafield>
  <datafield tag="245" ind1="1" ind2="4">
    <subfield code="a">The making of modern britain /</subfield>
    <subfield code="c">Andrew Marr.</subfield>
  </datafield>
  <datafield tag="250" ind1=" " ind2=" ">
    <subfield code="a">Ill ed.</subfield>
  </datafield>
  <datafield tag="260" ind1=" " ind2=" ">
    <subfield code="a">[S.l.] :</subfield>
    <subfield code="b">Pan Macmillan,</subfield>
    <subfield code="c">2009.</subfield>
  </datafield>
  <datafield tag="300" ind1=" " ind2=" ">
    <subfield code="a">464 p. ;</subfield>
    <subfield code="c">25 cm.</subfield>
  </datafield>
  <datafield tag="520" ind1=" " ind2=" ">
    <subfield code="a">In The Making of Modern Britain , Andrew Marr paints a fascinating portrait of life in Britain during the first half of the twentieth century as the country recovered from the grand wreckage of the British Empire. Between the death of Queen Victoria and the end of the Second World War, the nation was shaken by war and peace. The two wars were the worst we had ever known and the episodes of peace among the most turbulent and surprising. As the political forum moved from Edwardian smoking rooms to an increasingly democratic Westminster, the people of Britain experimented with extreme ideas as they struggled to answer the question "How should we live?" Socialism? Fascism? Feminism? Meanwhile, fads such as eugenics, vegetarianism, and nudism were gripping the nation, while the popularity of the music hall soared. It was also a time that witnessed the birth of the media as we know it today and the beginnings of the welfare state. Beyond trenches, flappers, and Spitfires, this is a story of strange cults and economic madness, of revolutionaries and heroic inventors, sexual experiments and raucous stage heroines. From organic food to drugs, nightclubs and celebrities to package holidays, crooked bankers to sleazy politicians, the echoes of today's Britain ring from almost every page.</subfield>
  </datafield>
  <datafield tag="650" ind1=" " ind2="0">
    <subfield code="a">Great Britain</subfield>
  </datafield>
  <datafield tag="650" ind1=" " ind2="0">
    <subfield code="a">Manners and customs</subfield>
  </datafield>
  <datafield tag="650" ind1=" " ind2="0">
    <subfield code="a">Political science</subfield>
  </datafield>
  <datafield tag="650" ind1=" " ind2="0">
    <subfield code="a">Social history</subfield>
  </datafield>
  <datafield tag="856" ind1="4" ind2="0">
    <subfield code="3">Amazon.com</subfield>
    <subfield code="u">http://www.amazon.com/exec/obidos/ASIN/0230709427/chopaconline-20</subfield>
  </datafield>
  <datafield tag="942" ind1=" " ind2=" ">
    <subfield code="2">ddc</subfield>
    <subfield code="c">BK</subfield>
  </datafield>
  <datafield tag="999" ind1=" " ind2=" ">
    <subfield code="c">15797</subfield>
    <subfield code="d">15797</subfield>
  </datafield>
  <datafield tag="952" ind1=" " ind2=" ">
    <subfield code="0">0</subfield>
    <subfield code="1">0</subfield>
    <subfield code="4">0</subfield>
    <subfield code="7">0</subfield>
    <subfield code="8">NFIC</subfield>
    <subfield code="a">CIPS</subfield>
    <subfield code="b">CIPS</subfield>
    <subfield code="c">GEN</subfield>
    <subfield code="d">2013-10-02</subfield>
    <subfield code="l">0</subfield>
    <subfield code="o">941.082 MAR 2009</subfield>
    <subfield code="p">CIPS0002007</subfield>
    <subfield code="r">2014-08-25</subfield>
    <subfield code="w">2014-08-25</subfield>
    <subfield code="y">BK</subfield>
  </datafield>
</record>
